Taoism themes in modern chinese cinematography; Journal of Economics and Social Sciences; № 5
| Parent link: | Journal of Economics and Social Sciences: electronic scientific journal.— , 2012-.— 2312-2978 № 5.— 2014.— [3 p.] |
|---|---|
| Autor principal: | |
| Autores Corporativos: | , |
| Otros Autores: | , |
| Sumario: | Title screen The paper demonstrates some peculiarities of Taoism, a Chinese national religion, in its intersection with Chinese cinematography. The paper analyses how Taoism themes influence modern Chinese films and how they are interpreted in plots, characters and symbolism of these films. В работе рассматриваются некоторые особенности Даосизма, национальной религии Китая, в его корреляции с китайским кинематографом. В работе анализируется, каким образом Даосские мотивы влияют на современный китайский кинематограф и как они интерпретированы в сюжетах, характерах персонажей и символике фильмов. |
| Lenguaje: | inglés |
| Publicado: |
2014
|
| Colección: | Филологические науки |
| Materias: | |
| Acceso en línea: | http://earchive.tpu.ru/handle/11683/21689 |
| Formato: | Electrónico Capítulo de libro |
| KOHA link: | https://koha.lib.tpu.ru/cgi-bin/koha/opac-detail.pl?biblionumber=537569 |
MARC
| LEADER | 00000naa2a2200000 4500 | ||
|---|---|---|---|
| 001 | 537569 | ||
| 005 | 20231101113942.0 | ||
| 035 | |a (RuTPU)RU\TPU\prd\227010 | ||
| 035 | |a RU\TPU\prd\227009 | ||
| 090 | |a 537569 | ||
| 100 | |a 20141205a2014 k y0rusy50 ba | ||
| 101 | 0 | |a eng | |
| 102 | |a RU | ||
| 135 | |a drcn ---uucaa | ||
| 181 | 0 | |a i | |
| 182 | 0 | |a b | |
| 200 | 1 | |a Taoism themes in modern chinese cinematography |f D. I. Andreev |g sci. adv. I. Yu. Gurieva ; lang. adv. V. Bogoryad | |
| 203 | |a Text |c electronic | ||
| 215 | |a 1 файл (44 Кб) | ||
| 225 | 1 | |a Филологические науки | |
| 230 | |a Электронные текстовые данные (1 файл : 44 Кб) | ||
| 300 | |a Title screen | ||
| 320 | |a [References: 7 tit.] | ||
| 330 | |a The paper demonstrates some peculiarities of Taoism, a Chinese national religion, in its intersection with Chinese cinematography. The paper analyses how Taoism themes influence modern Chinese films and how they are interpreted in plots, characters and symbolism of these films. | ||
| 330 | |a В работе рассматриваются некоторые особенности Даосизма, национальной религии Китая, в его корреляции с китайским кинематографом. В работе анализируется, каким образом Даосские мотивы влияют на современный китайский кинематограф и как они интерпретированы в сюжетах, характерах персонажей и символике фильмов. | ||
| 453 | |a Андреев, Д. И. | ||
| 461 | 1 | |0 (RuTPU)RU\TPU\prd\225573 |x 2312-2978 |t Journal of Economics and Social Sciences |o electronic scientific journal |d 2012- | |
| 463 | 1 | |0 (RuTPU)RU\TPU\prd\226862 |t № 5 |v [3 p.] |d 2014 | |
| 610 | 1 | |a electronic resource | |
| 610 | 1 | |a Taoism | |
| 610 | 1 | |a traditions and beliefs | |
| 610 | 1 | |a religion | |
| 610 | 1 | |a philosophy | |
| 610 | 1 | |a cinematography | |
| 610 | 1 | |a symbolism | |
| 700 | 1 | |a Andreev |b D. I. | |
| 702 | 1 | |a Gurieva |b I. Yu. |c historian |c Senior Lecturer of Tomsk Polytechnic University |f 1959- |g Irina Yurievna |2 stltpush |4 695 | |
| 702 | 1 | |a Bogoryad |b N. V. |c linguist |c Senior Lecturer of Tomsk Polytechnic University |f 1977- |g Nataliya Vladimirovna |2 stltpush |3 (RuTPU)RU\TPU\pers\33170 |4 727 | |
| 712 | 0 | 2 | |a Национальный исследовательский Томский политехнический университет (ТПУ) |b Институт социально-гуманитарных технологий (ИСГТ) |b Кафедра истории и регионоведения (ИСТ) |h 38 |2 stltpush |3 (RuTPU)RU\TPU\col\18372 |
| 712 | 0 | 2 | |a Национальный исследовательский Томский политехнический университет (ТПУ) |b Институт социально-гуманитарных технологий (ИСГТ) |b Кафедра иностранных языков (ИЯСГТ) |h 7147 |2 stltpush |3 (RuTPU)RU\TPU\col\18376 |
| 801 | 1 | |a RU |b 63413507 |c 20090623 |g PSBO | |
| 801 | 2 | |a RU |b 63413507 |c 20160921 |g PSBO | |
| 856 | 4 | |u http://earchive.tpu.ru/handle/11683/21689 | |
| 942 | |c BK | ||